01302cam a22002294a 45000010009000000050017000090080041000260100017000670200040000840420008001240500024001321000030001562450165001862600048003513000034003995040064004335200404004976500036009016500036009376500021009738560078009941401860520170206083949.0050628s2005 ncua b 001 0 eng  a 2005016990 a0786422114 (softcover : alk. paper) apcc00aND1158 .S36L53 20051 aLibaw, William H.,d1923-10aPainting in a world transformed :bhow modern art reflects our conflicting responses to science and change /cby William H. Libaw ; foreword by Michael Shermer. aJefferson, N.C. :bMcFarland & Co.,cc2005. axii, 268 p. :bill. ;c23 cm. aIncludes bibliographical references (p. 255-262) and index. a"This book shows how painting since the mid-1800s has reflected Western society's mixed feelings about the transformations in our world produced by science and technology. Neither a chronicle of the development of modern art nor a history of the modern era, it instead discusses how artists have represented feelings and ideas about the technological changes of modern times"--Provided by publisher. 0aPainting, Moderny19th century. 0aPainting, Moderny20th century. 0aArt and science.413Table of contentsuhttp://www.loc.gov/catdir/toc/ecip0515/2005016990.html